LIBRARY & INFORMATION CENTRE, KCAET, TAVANUR

ONLINE PUBLIC ACCESS CATALOGUE (OPAC)

Air pollution and environment (Record no. 13968)

MARC details
000 -LEADER
fixed length control field 00324nam a22001337a 4500
020 ## - INTERNATIONAL STANDARD BOOK NUMBER
ISBN 9789380995090
082 ## - DEWEY DECIMAL CLASSIFICATION NUMBER
Classification number 628.53
Item number SIN/AI
100 ## - MAIN ENTRY--AUTHOR NAME
Personal name Singh, M.P
245 ## - TITLE STATEMENT
Title Air pollution and environment
260 ## - PUBLICATION, DISTRIBUTION, ETC. (IMPRINT)
Place of publication New Delhi
Name of publisher Enkay publishing house
Year of publication 2011
700 ## - ADDED ENTRY--PERSONAL NAME
Personal name Singh, Meenakshi
700 ## - ADDED ENTRY--PERSONAL NAME
Personal name Singh, B.S
942 ## - ADDED ENTRY ELEMENTS (KOHA)
Koha item type Books
Holdings
Withdrawn status Lost status Damaged status Collection code Home library Current library Shelving location Date acquired Source of acquisition Cost, normal purchase price Full call number Accession Number Koha item type
      Non-fiction KAUAET KAUAET General Stacks 30/03/2013 Neoti Book Agency 745.00 628.53 SIN/AI 23886 Books
free website counter